Orthographe - Le pluriel des noms #1 - Statistiques

Statistiques générales
  • Ce quiz a été pris 520 fois
  • Le résultat moyen est 28 sur 28
Statistiques - réponses
Nom Pluriel % Correct
bijou bijoux
100%
caillou cailloux
100%
cheveu cheveux
100%
clou clous
100%
croix croix
100%
feu feux
100%
genou genoux
100%
joujou joujoux
100%
neveu neveux
100%
nez nez
100%
pneu pneus
100%
pou poux
100%
procès procès
100%
progrès progrès
100%
souris souris
100%
trou trous
100%
choix choix
99%
cou cous
99%
engrais engrais
99%
fou fous
99%
hibou hiboux
99%
jeu jeux
99%
lieu (endroit) lieux
99%
matelas matelas
99%
milieu milieux
99%
paresseux paresseux
99%
succès succès
99%
chou choux
98%
Aucun quiz correspondant
Distribution des résultats
% des personnes avec chaque résultat
Percentile par nombre de réponses
Votre historique - résultats
Vous n’avez pas pris ce quiz